000 00612nam a2200181Ia 4500
008 090123s9999 xx 000 0 und d
082 _b24678
100 _aसहस्त्रबुध्दे सरोज
245 _aपरिचय शरिराचा
250 _a1
260 _bपरिमल प्रकाशन
300 _a153
600 _aसहस्त्रबुध्दे सरोज
630 _aपरिचय शरिराचा
700 _aसहस्त्रबुध्दे सरोज
730 _aपरिचय शरिराचा
942 _cBOOK
999 _c62749
_d62749